Ứng xử trong quan hệ vợ chồng

Tallennettuna:
Bibliografiset tiedot
Päätekijä: Thanh Hằng
Aineistotyyppi: Kirja
Kieli:Undetermined
Julkaistu: H. VHTT 2003
Aiheet:
Tagit: Lisää tagi
Ei tageja, Lisää ensimmäinen tagi!
Thư viện lưu trữ: Trung tâm Học liệu Trường Đại học Cần Thơ
LEADER 00492nam a2200181Ia 4500
001 CTU_54471
008 210402s9999 xx 000 0 und d
020 |b 24000 
082 |a 646.78 
082 |b Th107 
100 |a Thanh Hằng 
245 0 |a Ứng xử trong quan hệ vợ chồng 
245 0 |c Thanh Hằng 
260 |a H. 
260 |b VHTT 
260 |c 2003 
650 |a domestic relations,husband and wife 
980 |a Trung tâm Học liệu Trường Đại học Cần Thơ